000 00720nam a2200253 i 4500
001 7291
003 ES-MaACL
005 20230906145213.0
007 t|
008 901116s1988 sp ||||1| spa d
020 _a84-7432-302-9
080 _a32:92 Gorbachiov
080 _a92 Gorbachiov
100 1 _aSchmidt-Hèauer, Christian.
_9132557
245 1 0 _aGorbachov, Mijail /
_cpor Christian Schmidt-Hauer.
250 _a1a ed.
260 _aBarcelona :
_bGedisa,
_c1988.
300 _a273 p. ;
_c23 cm.
490 1 _aLibertad y cambio
600 1 4 _aGorbachiov, Mijail Sergueevich.
_959129
830 0 _aLibertad y cambio
_9181448
852 _aES-MaACL
_jL-14500
_bR.118410
_z. - rust.
999 _c7291
_d7291